<?xml version="1.0" encoding="UTF-8"?><?xml-stylesheet type="text/xsl" href="static/style.xsl"?><OAI-PMH xmlns="http://www.openarchives.org/OAI/2.0/" xmlns:xsi="http://www.w3.org/2001/XMLSchema-instance" xsi:schemaLocation="http://www.openarchives.org/OAI/2.0/ http://www.openarchives.org/OAI/2.0/OAI-PMH.xsd"><responseDate>2026-04-17T13:33:58Z</responseDate><request verb="GetRecord" identifier="oai:www.recercat.cat:2445/192840" metadataPrefix="marc">https://recercat.cat/oai/request</request><GetRecord><record><header><identifier>oai:recercat.cat:2445/192840</identifier><datestamp>2025-12-05T10:30:40Z</datestamp><setSpec>com_2072_1057</setSpec><setSpec>col_2072_478770</setSpec><setSpec>col_2072_478917</setSpec></header><metadata><record xmlns="http://www.loc.gov/MARC21/slim" xmlns:dcterms="http://purl.org/dc/terms/" xmlns:xsi="http://www.w3.org/2001/XMLSchema-instance" xmlns:doc="http://www.lyncode.com/xoai" xsi:schemaLocation="http://www.loc.gov/MARC21/slim http://www.loc.gov/standards/marcxml/schema/MARC21slim.xsd">
   <leader>00925njm 22002777a 4500</leader>
   <datafield ind2=" " ind1=" " tag="042">
      <subfield code="a">dc</subfield>
   </datafield>
   <datafield ind2=" " ind1=" " tag="720">
      <subfield code="a">Uribe, Joan</subfield>
      <subfield code="e">author</subfield>
   </datafield>
   <datafield ind2=" " ind1=" " tag="260">
      <subfield code="c">2023-01-30T19:32:18Z</subfield>
   </datafield>
   <datafield ind2=" " ind1=" " tag="260">
      <subfield code="c">2023-01-30T19:32:18Z</subfield>
   </datafield>
   <datafield ind2=" " ind1=" " tag="260">
      <subfield code="c">2022-12-23</subfield>
   </datafield>
   <datafield ind2=" " ind1=" " tag="260">
      <subfield code="c">2023-01-30T19:32:18Z</subfield>
   </datafield>
   <datafield ind2=" " ind1=" " tag="520">
      <subfield code="a">[spa] A través del estudio de los procesos de inmovilidad de las personas en situación de calle, en tanto que parte intrínseca de su movilidad y entendida esta como parte fundamental de su vida cotidiana, se han observado y analizado 186 (30,9%) de los 602 puntos de localización de estas personas en un momento dado, en la ciudad de Barcelona. Se concluye que el tipo de uso del espacio, que se organiza en tres categorías: ausencia, presencia, existencia, así como las formas en que se configura, más allá de condicionar los elementos de su movilidad, responden claramente a la lógica de las tácticas posibles en relación con la privación de capacidad de gestión del uso del espacio en la negociación a la que se deben someter por parte del resto de agentes sociales, ya sean estos formales o informales. Así, se construyen los mecanismos por los que se desactiva la capacidad de agencia de estas personas, que queden limitadas en su margen de acción a la mera supervivencia.</subfield>
   </datafield>
   <datafield ind2=" " ind1=" " tag="520">
      <subfield code="a">[eng] Through the study of the processes of immobility of rough sleepers as an inherent part of their mobility, and understood as a fundamental part of their daily lives, 186 (30,9%) of the 602 points of location of these people at a given time in Barcelona city have been observed and analyzed. It is concluded that the type of use of the space, which is organized into three categories: absence, presence, existence, as well as the ways in which it is configured, beyond conditioning the elements of its mobility, respond to the logic of the possible tactics in relation to the deprivation of capacity of management of the use of the space in the negotiation to which they are subjected by the rest of the social agents, whether these formal or informal. That's the way to build the mechanisms by which the agency of these people is deactivated, to remain limited in their margin of action to mere survival.</subfield>
   </datafield>
   <datafield tag="653" ind2=" " ind1=" ">
      <subfield code="a">Persones sense sostre</subfield>
   </datafield>
   <datafield tag="653" ind2=" " ind1=" ">
      <subfield code="a">Antropologia urbana</subfield>
   </datafield>
   <datafield tag="653" ind2=" " ind1=" ">
      <subfield code="a">Control social</subfield>
   </datafield>
   <datafield tag="653" ind2=" " ind1=" ">
      <subfield code="a">Espais públics</subfield>
   </datafield>
   <datafield tag="653" ind2=" " ind1=" ">
      <subfield code="a">Barcelona (Catalunya)</subfield>
   </datafield>
   <datafield tag="653" ind2=" " ind1=" ">
      <subfield code="a">Homeless persons</subfield>
   </datafield>
   <datafield tag="653" ind2=" " ind1=" ">
      <subfield code="a">Urban anthropology</subfield>
   </datafield>
   <datafield tag="653" ind2=" " ind1=" ">
      <subfield code="a">Social control</subfield>
   </datafield>
   <datafield tag="653" ind2=" " ind1=" ">
      <subfield code="a">Public spaces</subfield>
   </datafield>
   <datafield tag="653" ind2=" " ind1=" ">
      <subfield code="a">Barcelona (Catalonia)</subfield>
   </datafield>
   <datafield ind2="0" ind1="0" tag="245">
      <subfield code="a">Formas de inmovilidad de las personas sin hogar en situación de calle. Uso del espacio, negociación y margen de gestión de su vida</subfield>
   </datafield>
</record></metadata></record></GetRecord></OAI-PMH>